| 000 | 00000nam 2200000zi 4500 |
| 001 | 9.937011 |
| 003 | CaOODSP |
| 005 | 20240628142811 |
| 006 | m o d f |
| 007 | cr mn||||||||| |
| 008 | 240417t20242024onc o f000 0 fre d |
| 020 | |a9780660714455 |
| 040 | |aCaOODSP|bfre|erda|cCaOODSP |
| 043 | |an-cn--- |
| 086 | 1 |aBT42-210/2026F-PDF |
| 245 | 00|aArchitecture, génie et arpentage (NR) : |bconvention entre le Conseil du trésor et l'Institut professionnel de la fonction publique du Canada : groupe, architecture, génie et arpentage (toutes les personnes salariées) : date d'expiration, 30 septembre 2026. |
| 246 | 16|aArchitecture, génie et arpentage (NR) : |bconvention entre le Conseil du trésor et Institut professionnel de la fonction publique du Canada : groupe, architecture, génie et arpentage (tous les employés) : codes, 203/210 : date d'expiration, le 30 septembre 2026 |
| 264 | 1|aOttawa, Ontario : |bSecrétariat du Conseil du trésor du Canada = Treasury Board of Canada Secretariat, |c2024. |
| 264 | 4|c©2024 |
| 300 | |a1 ressource en ligne (184 pages) |
| 336 | |atexte|btxt|2rdacontent/fre |
| 337 | |ainformatique|bc|2rdamedia/fre |
| 338 | |aressource en ligne|bcr|2rdacarrier/fre |
| 500 | |aPublié aussi en anglais sous le titre : Architecture, engineering and land survey (NR) : agreement between the Treasury Board and the Professional Institute of the Public Service of Canada : group, architecture, engineering and land survey (all employees) : expiry date, September 30, 2026. |
| 500 | |aTitre de la couverture. |
| 500 | |a« Publié : le 2024-05-13. » |
| 500 | |a« Date de modification : 2018-04-30 » -- Page 184. |
| 650 | 6|aConventions collectives|xFonctionnaires|zCanada. |
| 710 | 1 |aCanada. |bConseil du trésor, |eorganisme de publication. |
| 710 | 2 |aInstitut professionnel de la Fonction publique du Canada, |eorganisme de publication. |
| 775 | 08|tArchitecture, engineering and land survey (NR) : |w(CaOODSP)9.937010 |
| 856 | 40|qPDF|s972 Ko|uhttps://publications.gc.ca/collections/collection_2024/sct-tbs/BT42-210-2026-fra.pdf |
| 856 | 4 |qHTML|sS.O.|uhttps://www.tbs-sct.canada.ca/agreements-conventions/view-visualiser-fra.aspx?id=16 |